Code de procédure civile: 2003
محفوظ في:
| التنسيق: | كتاب |
|---|---|
| اللغة: | الفرنسية |
| منشور في: |
París
Litec
2003
|
| الطبعة: | 16a. ed |
| سلاسل: | Code Juris Classeur
|
| الموضوعات: | |
| الوسوم: |
إضافة وسم
لا توجد وسوم, كن أول من يضع وسما على هذه التسجيلة!
|
MARC
| LEADER | 00000cam a2200000 a 4500 | ||
|---|---|---|---|
| 001 | UCE3757 | ||
| 003 | CL-VaPUC | ||
| 008 | 140925e20030000fr |||||||||||||||||fre|d | ||
| 020 | |a 9782711134793 | ||
| 082 | 0 | 4 | |a 347.44 |b COD |2 21 |
| 245 | 1 | 0 | |a Code de procédure civile: 2003 |
| 250 | |a 16a. ed | ||
| 300 | |a 2219 p | ||
| 942 | |c BK | ||
| 945 | |d 20140925 17:45:00 |a arojas | ||
| 260 | |a París |b Litec |c 2003 | ||
| 650 | 0 | |a Leyes |9 256670 | |
| 650 | 0 | |a Procedimiento civil |9 254870 | |
| 650 | 0 | |a Código de procedimiento civil |9 256305 | |
| 651 | 0 | |a Francia |9 255157 | |
| 583 | |a last modification |c 20140925 17:45:00 |k Rodrigo Vera | ||
| 490 | 0 | |a Code Juris Classeur | |
| 999 | |c 356918 |d 356916 | ||
| 952 | |0 0 |1 0 |3 erb |4 0 |6 347_440000000000000_COD_2003 |7 0 |8 A |9 464691 |a BIBDER |b BIBDER |i 5114640 |o 347.44 COD 2003 |p 5114640 |r 2023-01-25 |w 2019-11-23 |y BK |z Catalogado en:20140925 |k DER | ||